50TH LAW OF POWER FEAR NOTHING (Record no. 21627)

MARC details
000 -LEADER
fixed length control field 00335nam a2200133Ia 4500
008 - FIXED-LENGTH DATA ELEMENTS--GENERAL INFORMATION
fixed length control field 240624s9999 xx 000 0 und d
041 ## - LANGUAGE CODE
Language code of text/sound track or separate title eng
082 ## - DEWEY DECIMAL CLASSIFICATION NUMBER
Classification number 658.4 GRE
100 ## - MAIN ENTRY--PERSONAL NAME
Personal name GREENE ROBERT
245 ## - TITLE STATEMENT
Title 50TH LAW OF POWER FEAR NOTHING
260 ## - PUBLICATION, DISTRIBUTION, ETC.
Date of publication, distribution, etc. 2010
Place of publication, distribution, etc. New Delhi
Name of publisher, distributor, etc. Viva Books
300 ## - PHYSICAL DESCRIPTION
Extent x, : 291 : p. : cm. ; 21
365 ## - TRADE PRICE
Currency code RS
Holdings
Withdrawn status Lost status Damaged status Not for loan Home library Current library Shelving location Date acquired Source of acquisition Cost, normal purchase price Total Checkouts Full call number Barcode Date last seen Date last checked out Copy number Price effective from Koha item type
        IMTN IMTN Rack 27-A 09/04/2013 FK 356.00 1 658.4 GRE 21627 07/14/2025 07/04/2025 1 06/24/2024 Books
Designed & Maintained by: LRC IMT Nagpur Contact: lrc@imtnag.ac.in© 2024. All Rights Reserved.